000 00725cam a2200205 4500500
005 20260111080335.0
041 _afre
042 _adc
100 1 0 _aBarrot, Jean-Noël
_eauthor
245 0 0 _aVers un renforcement de l’évaluation et du contrôle budgétaire en France
260 _c2019.
500 _a64
690 _aagence parlementaire d’évaluation
690 _aévaluation
690 _aHaut conseil des finances publiques
690 _aParlement
690 _aprocédure budgétaire
786 0 _nGestion & Finances Publiques | 4 | 4 | 2019-09-13 | p. 81-86 | 1969-1009
856 4 1 _uhttps://droit.cairn.info/revue-gestion-et-finances-publiques-2019-4-page-81?lang=fr&redirect-ssocas=7080
999 _c1616188
_d1616188